Statistics for Human Geo Map Quiz

Click here to take the quiz!

General Stats

  • This quiz has been taken 44 times
  • The average score is 31 of 40

Answers on the Map

Answers color-coded by a green-red scale on the quiz's map according to % correct below.
 

Answer Stats

Answer% Correct
Brazil
91%
Canada
91%
Egypt
88%
China
85%
Japan
85%
Mexico
85%
Russia
85%
South Korea
85%
U.K.
85%
Australia
82%
Cuba
82%
Germany
82%
India
82%
Ireland
82%
North Korea
82%
Poland
82%
South Africa
82%
Spain
82%
U.S.
82%
Argentina
79%
France
79%
Greece
79%
Indonesia
79%
Italy
79%
Venezuela
79%
Afghanistan
76%
Iraq
76%
Israel
76%
Turkey
76%
Vietnam
76%
Liberia
73%
Nigeria
73%
Saudi Arabia
73%
Somalia
73%
Iran
70%
Sudan
70%
Kenya
67%
Pakistan
67%
Syria
67%
Jordan
61%

Score Distribution

Percentile by Number Answered

Percent of People with Each Score

Your Score History

You have not taken this quiz